Alle Strassen in Bussnang mit Karte - Statistiken

Allgemein
  • Dieses Quiz wurde 26 mal gespielt
  • Das Durchschnittsergebnis liegt bei 17 aus 89
Antworten auf der Karte
Die Antworten werden auf der Karte rot bzw. grün angezeigt, abhängig davon wie oft sie richtig erraten wurden.
 
Antwortstatistiken
Strasse % Korrekt
Hauptstrasse (Bussnang)
94%
Hauptstrasse (Mettlen)
94%
Hauptstrasse (Oberbussnang)
94%
Dorfstrasse (Friltschen)
39%
Dorfstrasse (Lanterswil)
39%
Dorfstrasse (Rothenhausen)
39%
Schulstrasse (Bussnang-Rothenhausen)
33%
Schulstrasse (Friltschen)
33%
Schulstrasse (Lanterswil)
33%
Schulstrasse (Mettlen)
33%
Spitzackerstrasse
28%
Alteggweg
22%
Bachstrasse
22%
Bahnhofstrasse
22%
Mettlenstrasse
22%
Viaduktstrasse
22%
Weinfelderstrasse (Friltschen)
22%
Weinfelderstrasse (Mettlen)
22%
Alte Landstrasse (Oberbussnang)
17%
Alte Landstrasse (Rothenhausen)
17%
Am Bergli
17%
Am Furtbach
17%
Aspenweg
17%
Bachwiesenstrasse
17%
Büntweg
17%
Dorfgasse
17%
Eppenstein
17%
Furtbachstrasse
17%
Furtbachweg
17%
Gässli
17%
Ghürststrasse
17%
Im Grund
17%
Im Sedel
17%
Margenmühle
17%
Margenmühlestrasse
17%
Märwilerstrasse (Friltschen)
17%
Märwilerstrasse (Mettlen-Friltschen)
17%
Märwilerstrasse (Rothenhausen)
17%
Mühleweg
17%
Neuberg
17%
Neubergstrasse
17%
Niederhof
17%
Oberdorf
17%
Obere Bühlstrasse
17%
Oberoppikon
17%
Puregass
17%
Rebrain
17%
Reuti
17%
Ringstrasse
17%
Schmidshof
17%
Schönholzerswilerstrasse
17%
Schützenstrasse (Lanterswil)
17%
Schützenstrasse (Mettlen)
17%
Thurberg
17%
Tooserstrasse
17%
Untere Bühlstrasse
17%
Unteroppikon
17%
Warth
17%
Weiherweg (Lanterswil)
17%
Weiherweg (Mettlen)
17%
Weingarten
17%
Wertbühl
17%
Wilerstrasse
17%
Breitistrasse
11%
Brunnenweg
11%
Bürglenstrasse
11%
Freiwiesen
11%
Hofacker
11%
Im Wingert
11%
Itobel
11%
Käsereistrasse
11%
Laagasse
11%
Langwiesenstrasse
11%
Linde
11%
Lindenhofstrasse
11%
Oberer Wingert
11%
Oberhausstrasse
11%
Obstgartenweg
11%
Oststrasse
11%
Puppikon
11%
Puppikonerstrasse
11%
Rohrackerstrasse
11%
Scheffgässli
11%
Sonnenhaldestrasse
11%
Vorderwies
11%
Waldistrasse
11%
Zu Allen Winden
11%
Ernst-Stadler-Strasse
6%
Rebenweg
6%
Keine übereinstimmenden Quizze gefunden
Verteilung der Resultate
Anzahl Personen mit jedem Resultat
Perzentil nach korrekt beantworteten Fragen
Ihre Resultats-Entwicklung
Sie haben dieses Quiz noch nicht gespielt